000 01113nam a22002177a 4500
999 _c59068
_d59068
003 Ge_BSU
005 20221116111019.0
008 221116s2003 ge ||||| |||| 00| 0 geo d
020 _a9992807172
041 _ageo
080 _a347.22(479.22) ზ-78
100 _aზოიძე, ბესარიონ
_915848
245 _aქართული სანივთო სამართალი /
_c[რედ.: ლადო ჭანტურია] ; საქ. მეცნ. აკად. სახ. და სამართლის ინ-ტი, კერძო სამართლის ინ-ტი.
264 _aთბილისი:
_bმეცნიერება,
_c2003.
300 _a539 გვ. ;
_b20 სმ.
500 _aპარალელ. თავფ. გერმ. ენ.
504 _aბიბლიოგრ. ტექსტის შენიშვნ.
653 _aსანივთო სამართალი საქართველოში
700 _aჭანტურია, ლადო
_eრედაქტორი
_915849
942 _2udc
_cBK